[Event "Karpos Open 2013"]
[Site "Skopje MKD"]
[Date "2013.03.13"]
[Round "6.13"]
[White "Malakhatko,V"]
[Black "Petrov,G MKD"]
[Result "1/2-1/2"]
[WhiteElo "2571"]
[BlackElo "2200"]

1.d4 Nf6 2.c4 e6 3.Nf3 d5 4.Nc3 Be7 5.Bf4 O-O 6.e3 c5 7.dxc5 Qa5 8.Nd2 Qxc5
9.a3 dxc4 10.Nxc4 Rd8 11.Qc2 Nd5 12.Be5 Nxc3 13.Bxc3 Qd5 14.Rd1 Qxd1+ 15.Qxd1 Rxd1+
16.Kxd1 b6 17.Be2 Bb7 18.f3 Na6 19.Kc2 Rd8 20.Rd1 Rxd1 21.Kxd1 f6 22.b4 Nc7
23.e4 Nb5 24.Bb2 Nd6 25.Ne3 e5 26.Kd2 Kf7 27.Bd1 Ke6 28.Bb3+ Kd7 29.a4 Ne8
30.Bc3 Nc7 31.Bg8 h6 32.Kd3 Ne6 33.Kc4 Nf4 34.Bd2 Ne6 35.Nf5 Bf8 36.h4 g5
37.Bxe6+ Kxe6 38.h5 Bc8 39.g4 Bd7 40.b5 Kf7 41.Ne3 Be6+ 42.Nd5 Ke8 43.Kc3 Be7
44.Be3 Kd7 45.Nxe7 Kxe7 46.a5 bxa5 47.Bxa7 Kd6 48.Bb6 Bd7 49.Kc4 Be6+ 50.Kc3 Bd7
51.Bd8 Bxb5 52.Bxf6 Be2 53.Bxg5 Bxf3 54.Bxh6 Bxe4 55.Kd2 Ke6 56.Ke3 Bc2 57.Kf2 Kf7
58.Kg3 a4 59.Bc1 Bd1 60.Bb2 Kf6 61.Kh4 Bc2 62.Ba3 Bd3 63.g5+ Kf5 64.Be7 e4
65.Bc5 Bc4 66.g6 Bg8  1/2-1/2

[Event "TCh-SWE Elite 2012-13"]
[Site "Sweden SWE"]
[Date "2013.03.16"]
[Round "8"]
[White "Schussler,H"]
[Black "Larsson,V"]
[Result "1-0"]
[WhiteElo "2413"]
[BlackElo "2118"]

1.d4 d5 2.Nf3 Nf6 3.c4 e6 4.Nc3 Be7 5.Bf4 O-O 6.e3 Nbd7 7.Qc2 a6 8.cxd5 exd5
9.Bd3 c5 10.dxc5 Nxc5 11.O-O Qb6 12.Be5 Nxd3 13.Qxd3 Be6 14.Rfd1 h6 15.Nd4 Ng4
16.Bg3 Bf6 17.h3 Ne5 18.Bxe5 Bxe5 19.Nxe6 fxe6 20.Nxd5 Bh2+ 21.Kxh2 exd5
22.Qxd5+ Kh8 23.Qd2 Rf5 24.Rac1 Raf8 25.f3 Qe6 26.a3 Rb5 27.Qd4 Rb3 28.Rd3 Rxd3
29.Qxd3 Qe5+ 30.Kg1 Re8 31.Rc3 Qg5 32.f4 Qh4 33.Kh2 Qe1 34.Qd4 Re6 35.Qd5 Rxe3
36.Rc8+ Re8 37.Qxb7 a5 38.Qb8 Rxc8 39.Qxc8+ Kh7 40.Qf5+ Kg8 41.Qc8+ Kf7 42.Qf5+ Kg8
43.Qe5 Qd2 44.b4 a4 45.Qe8+ Kh7 46.Qe4+ Kg8 47.b5 Qa5 48.Qe6+ Kf8 49.b6 Qa8
50.Qd6+ Kg8 51.Qc7  1-0

[Event "Bundesliga 2012-13"]
[Site "Solingen GER"]
[Date "2013.03.17"]
[Round "12"]
[White "Holzke,F"]
[Black "Babula,V"]
[Result "1/2-1/2"]
[WhiteElo "2521"]
[BlackElo "2585"]

1.d4 Nf6 2.Nf3 e6 3.c4 d5 4.Nc3 Be7 5.Bf4 O-O 6.e3 b6 7.Be2 Bb7 8.O-O dxc4
9.Bxc4 a6 10.Rc1 b5 11.Bb3 c5 12.dxc5 Nbd7 13.c6 Bxc6 14.Ne2 Nc5 15.Ned4 Bb7
16.Bc2 Rc8 17.Qe2 Qb6 18.Rfd1 Rfd8 19.Bb1 Bd5 20.h3 Qb7  1/2-1/2

[Event "AICF KIIT Cup 2013"]
[Site "Bhubaneswar IND"]
[Date "2013.03.19"]
[Round "4"]
[White "Girya,O"]
[Black "Mkrtchian,L"]
[Result "1-0"]
[WhiteElo "2440"]
[BlackElo "2458"]

1.d4 Nf6 2.c4 e6 3.Nf3 d5 4.Nc3 Be7 5.Bf4 O-O 6.e3 Nbd7 7.Qc2 c5 8.Rd1 cxd4
9.Rxd4 Qa5 10.Bg3 Nb6 11.Nd2 Nxc4 12.Bxc4 dxc4 13.Nxc4 Qc5 14.O-O b6 15.b4 Qxb4
16.Ne5 Qc5 17.Rc4 Qa3 18.Nb5 Qa6 19.Nc7 Qb7 20.Nc6 Bc5 21.Na5 bxa5 22.Nxa8 Nd7
23.Nc7 Bb4 24.Rd1 Nb6 25.Rcd4 Be7 26.Bd6 Bxd6 27.Rxd6 g6 28.Rd8 Rxd8 29.Rxd8+ Kg7
30.Ne8+ Kh6 31.e4 g5 32.Qc3  1-0

[Event "TCh-AUT 2012-13"]
[Site "St.Veit AUT"]
[Date "2013.03.21"]
[Round "8.4"]
[White "Bindrich,F"]
[Black "Kuba,G"]
[Result "1-0"]
[WhiteElo "2545"]
[BlackElo "2387"]

1.d4 d5 2.c4 e6 3.Nc3 Nf6 4.Nf3 Be7 5.Bf4 O-O 6.e3 b6 7.Rc1 Bb7 8.cxd5 Nxd5
9.Nxd5 Qxd5 10.a3 Bd6 11.Bg3 Nd7 12.Be2 Rfd8 13.Bxd6 Qxd6 14.O-O c5 15.dxc5 Qxd1
16.Rfxd1 Nxc5 17.b4 Ne4 18.Rc7 Bd5 19.Ba6 Nd6 20.Nd4 Ne8 21.Rcc1 Kf8 22.h4 g6
23.Nb5 Bb3 24.Re1 Ba4 25.Nd4 Rd7 26.g4 Nc7 27.Bb7 Rb8 28.Bc6 Bxc6 29.Rxc6 Nd5
30.Rec1 Ne7 31.Rc7 Rbd8 32.Nf3 Nd5 33.Rxd7 Rxd7 34.Rc8+ Kg7 35.g5 Rc7 36.Ra8 Rb7
37.Ne5 Nc7 38.Rd8 Nd5 39.e4 Ne7 40.Ng4 Ng8 41.e5 h5 42.Nf6 Nxf6 43.exf6+ Kh7
44.Re8  1-0

[Event "TCh-CZE Extraliga 2012-13"]
[Site "Czech Republic CZE"]
[Date "2013.03.23"]
[Round "7.7"]
[White "Cifka,S"]
[Black "Jasny,S"]
[Result "1/2-1/2"]
[WhiteElo "2409"]
[BlackElo "2303"]

1.d4 d5 2.c4 e6 3.Nc3 Be7 4.Nf3 Nf6 5.Bf4 O-O 6.a3 c5 7.dxc5 Bxc5 8.e3 Nc6
9.b4 Be7 10.cxd5 Nxd5 11.Nxd5 exd5 12.Bd3 Bf6 13.Rc1 Bg4 14.O-O d4 15.h3 Bxf3
16.Qxf3 dxe3 17.Qxe3 Re8 18.Qg3 a6 19.Rfd1 Qe7 20.Bd6 Qe6 21.Bc5 g6 22.Bc4 Qf5
23.Qc7 Ne5 24.Qxb7 Reb8 25.Qc7 Rc8 26.Qa5 Bg5 27.Bd5 Bxc1 28.Bxa8 Rxa8 29.Rxc1 Nf3+
30.gxf3 Qg5+ 31.Kh2 Qf4+ 32.Kg2 Qg5+ 33.Kh2 Qxc1 34.Be3 Qc6 35.Kg2 Qb5 36.Qc7 Re8
37.Qc3 Qe5 38.Qd3 Qb5 39.Qd4 Qe5 40.Qd3 Qb2 41.a4 Qxb4 42.Qxa6 Kg7 43.Qc6 Rd8
44.Bc5 Qe1 45.Bd6 Qe6 46.Qc3+ f6 47.Bf4 Rd5 48.a5 Qf5 49.Be3 Qe5 50.Qxe5 Rxe5
51.a6 Ra5 52.a7 Ra4 53.f4 Kf7 54.Kf3 Ke6 55.h4 Kf5 56.Kg3 Ke4 57.Kg2 Kd3
58.Kf3 h5 59.Kg2 Ke2 60.Kg3 f5  1/2-1/2

[Event "3rd HD Bank Cup 2013"]
[Site "Ho Chi Minh City VIE"]
[Date "2013.03.23"]
[Round "8.27"]
[White "Le,Minh Hoang"]
[Black "Vo Thanh Ninh"]
[Result "1-0"]
[WhiteElo "1834"]
[BlackElo "2318"]

1.d4 Nf6 2.Nf3 e6 3.c4 Bb4+ 4.Bd2 Be7 5.Nc3 d5 6.Bf4 O-O 7.e3 c5 8.Be2 dxc4
9.dxc5 Qa5 10.Bxc4 Qxc5 11.Qe2 a6 12.O-O b5 13.Bd3 Bb7 14.Rac1 Qh5 15.Ne5 Qxe2
16.Bxe2 Ra7 17.Rfd1 Nd5 18.Bg3 f6 19.Nd3 Nd7 20.Nf4 Nc5 21.Ncxd5 exd5 22.Nxd5 Bxd5
23.Rxd5 Ne4 24.Bh4 g5 25.Bd3 gxh4 26.Bxe4 Rd8 27.Rxd8+ Bxd8 28.Rd1 Be7 29.g3 hxg3
30.hxg3 b4 31.Kg2 a5 32.b3 Bf8 33.Rd8 Kg7 34.f4 Be7 35.Rd2 h6 36.Bc2 Rc7
37.Kf3 Kf8 38.e4 Rc6 39.Bd3 a4 40.bxa4 Ra6 41.e5 fxe5 42.fxe5 Bg5 43.Rf2 Rxa4
44.Ke4+ Kg7 45.Bc4 Ra7 46.e6 Bf6 47.Kd5 Rc7 48.Bb5 Rc3 49.Kd6 b3 50.axb3 Rxb3
51.Rxf6 Kxf6 52.e7 Rxb5 53.e8=Q Rg5 54.Qh8+ Kg6 55.Ke6 Kh5 56.Qb8 Kg6 57.Qf4 Kh7
58.g4 Rg6+ 59.Kf5 Rg5+ 60.Ke4 Kg7 61.Qc7+ Kh8 62.Kf4 Kg8 63.Qd8+ Kh7 64.Qe7+ Rg7
65.Qe4+ Kg8 66.Kf5 Rg5+ 67.Kf6 Rg7 68.Qe8+ Kh7 69.Qf8 Rg6+ 70.Kf5 Rg8 71.Qf6 Rg5+
72.Kf4 Rg7 73.Kg3 Rg6 74.Qf8 Rg8 75.Qf5+ Kh8 76.Kh4 Rg7 77.Kh5 Rg5+ 78.Kxh6  1-0

[Event "44th Marcel Duchamp"]
[Site "Buenos Aires ARG"]
[Date "2013.03.28"]
[Round "7.10"]
[White "Barrionuevo,P"]
[Black "Frayle,J"]
[Result "1-0"]
[WhiteElo "2269"]
[BlackElo "2370"]

1.d4 Nf6 2.c4 e6 3.Nc3 d5 4.Nf3 Be7 5.Bf4 c6 6.e3 O-O 7.h3 Nbd7 8.c5 Nh5
9.Bh2 g6 10.Bd3 f5 11.Qc2 Bf6 12.g4 Ng7 13.Rg1 Kh8 14.g5 Be7 15.h4 b6 16.b4 a5
17.b5 Bb7 18.Na4 Rc8 19.Qb2 bxc5 20.dxc5 Nxc5 21.Nxc5 Bxc5 22.Be5 Rf7 23.h5 Kg8
24.hxg6 hxg6 25.Nh4 d4 26.exd4 Bxd4 27.Bxd4 e5 28.Bc4 exd4 29.Bxf7+ Kxf7
30.Qb3+ Ne6 31.Nxg6 c5 32.Ne5+ Ke7 33.Qh3 Qd5 34.Qxf5 Kd6 35.Nf7+ Ke7 36.Qf6+ Kd7
37.Qe5 Qc4 38.Rg3 Qb4+ 39.Kf1 Qxb5+ 40.Kg1 Qc6 41.f3 c4 42.Rb1 Re8 43.Qxa5 Qc7
44.Ne5+ Kc8 45.Qxc7+ Kxc7 46.Nxc4 Bd5 47.Rc1 Nf4 48.Ne3+ Kd6 49.Nf5+  1-0

[Event "LVIII ch-Catarinense 2013"]
[Site "Florianopolis BRA"]
[Date "2013.03.29"]
[Round "2.10"]
[White "Sprotte,Daniel Gustavo"]
[Black "Zimmermann,Kleber Renato P."]
[Result "1-0"]
[WhiteElo "1878"]
[BlackElo "1990"]

1.d4 Nf6 2.c4 e6 3.Nf3 d5 4.Nc3 Be7 5.Bf4 O-O 6.e3 b6 7.cxd5 exd5 8.Bd3 c5
9.O-O c4 10.Be2 a6 11.a4 Nc6 12.Ne5 Bb7 13.e4 dxe4 14.Nxc6 Bxc6 15.Bxc4 Nd5
16.Be5 Nxc3 17.bxc3 Bd5 18.Be2 Bf6 19.Bxf6 Qxf6 20.c4 Bb7 21.d5 Rad8 22.Rb1 Ba8
23.f3 e3 24.Qb3 Qe5 25.Qxb6 Rd6 26.Qc7 Rxd5 27.Qxe5 Rxe5 28.Rb6 Ra5 29.Rc1 Rxa4
30.c5 Bd5 31.c6 Bxc6 32.Rbxc6 g6 33.Rxa6 Rxa6 34.Bxa6 Kg7 35.Rc8 Rxc8 36.Bxc8 f5
37.Kf1 f4 38.Ke2 Kf6 39.g4 Kg5 40.Ba6 Kh4 41.Kf1 Kh3 42.Kg1 g5 43.Bd3 h6
44.Be2 Kh4 45.Kg2 h5 46.gxh5 Kxh5 47.Kh3 Kg6 48.Kg4 Kf6 49.Bd3 Ke5 50.Kxg5 Kd4
51.Be2 Kc3 52.Kxf4 Kd2 53.Ba6  1-0

[Event "ch-Moscow w 2013"]
[Site "Moscow RUS"]
[Date "2013.03.29"]
[Round "7.4"]
[White "Gvanceladze,An"]
[Black "Kharmunova,N"]
[Result "1-0"]
[WhiteElo "2183"]
[BlackElo "2196"]

1.d4 Nf6 2.Nf3 e6 3.c4 d5 4.Nc3 Be7 5.Bf4 c6 6.e3 Nbd7 7.cxd5 exd5 8.Bd3 O-O
9.Qc2 Re8 10.O-O a6 11.h3 Nf8 12.Ne5 Bd6 13.Bh2 Ng6 14.f4 c5 15.Kh1 c4 16.Bf5 b5
17.a3 Qb6 18.Bxc8 Raxc8 19.Qf5 a5 20.Nxd5 Qd8 21.Nxf6+ Qxf6 22.Qd7 b4 23.axb4 Red8
24.Qb5 Bxb4 25.Nxc4 Qe6 26.b3 Qe4 27.Bg3 Rb8 28.Qg5 f5 29.Bf2 Be7 30.Qh5 Rxb3
31.Nd2  1-0

[Event "7th Philadelphia Open"]
[Site "Philadelphia USA"]
[Date "2013.03.29"]
[Round "5"]
[White "Izoria,Z"]
[Black "Bryant,J"]
[Result "1-0"]
[WhiteElo "2583"]
[BlackElo "2454"]

1.Nf3 Nf6 2.c4 e6 3.Nc3 d5 4.d4 Be7 5.Bf4 O-O 6.e3 Nbd7 7.c5 c6 8.Bd3 b6
9.b4 a5 10.a3 Ba6 11.O-O Qc8 12.Rb1 Qb7 13.Qc2 axb4 14.Bxa6 Rxa6 15.axb4 b5
16.Nd2 Rfa8 17.Nb3 Nh5 18.Rfe1 Nxf4 19.exf4 g6 20.Nd2 Nf6 21.g3 Nh5 22.g4 Ng7
23.Nf3 Bd8 24.Ne5 R8a7 25.Kg2 Ra3 26.h3 Qa8 27.Qd2 f6 28.Nd3 Ra1 29.Rxa1  1-0

[Event "17th Neckar Open"]
[Site "Deizisau GER"]
[Date "2013.03.30"]
[Round "5.7"]
[White "Sanikidze,T"]
[Black "Lobzhanidze,D"]
[Result "1/2-1/2"]
[WhiteElo "2559"]
[BlackElo "2450"]

1.d4 Nf6 2.c4 e6 3.Nf3 d5 4.Nc3 Be7 5.Bf4 O-O 6.e3 Nbd7 7.Qc2 c5 8.dxc5 Nxc5
9.Be2 dxc4 10.Bxc4 a6 11.a4 b6 12.O-O Bb7 13.Ne5 Qe8 14.Qe2 Nce4 15.Nxe4 Nxe4
16.Rfd1 Nf6 17.Bg3 Ra7 18.Bh4 Nd5 19.Bxe7 Qxe7 20.Bxd5 exd5 21.Nf3 Raa8 22.Ra3 Rac8
23.Rb3 Qf6 24.Rbd3 Rc5 25.Nd4 a5 26.R3d2 Rfc8 27.h3 g6 28.b3 h5 29.Rb1 Rc1+
30.Rxc1 Rxc1+ 31.Rd1 Rxd1+ 32.Qxd1 Qd6 33.Qf3 Ba6 34.Qd1 Bb7 35.Qe2 Qc5 36.Qf3 Qc1+
37.Kh2 Qc7+ 38.Kg1 Qc1+ 39.Kh2 Qc7+ 40.Qg3 Qxg3+ 41.Kxg3 Kf8 42.Kf4 f6 43.h4 Ke7
44.f3 Bc8 45.g4 hxg4 46.fxg4 Bd7 47.g5 Be8 48.Ne2 Bf7 49.Nd4 Be8 50.Nf3 Bf7  1/2-1/2

[Event "40th La Roda Open"]
[Site "La Roda ESP"]
[Date "2013.03.31"]
[Round "8.8"]
[White "Plaskett,J"]
[Black "Serna Lara,S"]
[Result "1-0"]
[WhiteElo "2516"]
[BlackElo "2248"]

1.d4 d5 2.c4 e6 3.Nc3 Nf6 4.Nf3 Be7 5.Bf4 O-O 6.e3 Nbd7 7.Qc2 c5 8.cxd5 Nxd5
9.Nxd5 exd5 10.Bd3 Qa5+ 11.Nd2 Nf6 12.dxc5 Qxc5 13.Qxc5 Bxc5 14.Nb3 Bb4+
15.Ke2 Bd7 16.a3 Be7 17.Rhc1 Rfc8 18.h3 Ne4 19.Be5 Rxc1 20.Rxc1 Rc8 21.Rxc8+ Bxc8
22.Nd4 g6 23.Nb5 a6 24.Nc7 Bf6 25.Bxe4 Bxe5 26.Nxd5 Be6 27.Nc3 Bc4+ 28.Kd2 b6
29.Bd3 Be6 30.Bxa6 f5 31.Kd3 Kg7  1-0

[Event "e2e4 Dublin Masters"]
[Site "Dublin IRL"]
[Date "2013.04.01"]
[Round "8"]
[White "Firstov,J"]
[Black "McMahon,D"]
[Result "1/2-1/2"]
[WhiteElo "2261"]
[BlackElo "2150"]

1.d4 d5 2.Nf3 e6 3.Bf4 Nf6 4.c4 Be7 5.Nc3 O-O 6.e3 c5 7.Be2 Nc6 8.dxc5 Bxc5
9.O-O dxc4 10.Bxc4 a6 11.Qxd8 Rxd8 12.Na4 Ba7 13.Bc7 b5 14.Nb6 Bxb6 15.Bxb6 bxc4
16.Bxd8 Nxd8 17.Ne5 c3 18.bxc3 Kf8 19.Rab1 Ke7 20.Rfd1 Ne4 21.Rb3 Nc5 22.Rb6 Nd7
23.Nxd7 Bxd7 24.Kf1 Bb5+ 25.Ke1 Rc8 26.Rc1 Rc7 27.a4 Bc4 28.Rd1 Nc6 29.f4 a5
30.g4 f6 31.Kf2 e5 32.Kf3 Be6 33.Rdb1 Bd5+ 34.Ke2 Bc4+ 35.Kd2 Kd6 36.Rb7 Ba6
37.R7b6 Bc4 38.Rb7 Ba6 39.R7b6 Bc4 40.Rb7  1/2-1/2

[Event "Sydney International Open 2013"]
[Site "Sydney AUS"]
[Date "2013.04.05"]
[Round "6.3"]
[White "Van Wely,L"]
[Black "Zhao Zong Yuan"]
[Result "1-0"]
[WhiteElo "2684"]
[BlackElo "2537"]

1.d4 Nf6 2.c4 e6 3.Nf3 d5 4.Nc3 Be7 5.Bf4 O-O 6.e3 Nbd7 7.c5 Nh5 8.Be2 Nxf4
9.exf4 c6 10.O-O Qc7 11.g3 b6 12.b4 a5 13.a3 g6 14.Qc2 Ba6 15.Rab1 axb4 16.axb4 Bxe2
17.Nxe2 Ra3 18.Kg2 Rfa8 19.Nc1 b5 20.Nd3 Bf6 21.Nde5 Ra2 22.Rb2 Rxb2 23.Qxb2 Ra4
24.Ra1 Bxe5 25.dxe5 Qa7 26.Rb1 Ra2 27.Qc3 Ra3 28.Qc1 Ra2 29.Nd4 Qa8 30.Qe1 Kf8
31.Rb3 h5 32.Qe3 Ke8 33.h3 Kd8 34.g4 Kc7 35.gxh5 gxh5 36.Qg3 Qh8 37.Qg5 Qh7
38.f5 exf5 39.e6 fxe6 40.Nxe6+ Kb7 41.Re3 f4 42.Nxf4 Ra1 43.Ng6  1-0

[Event "TCh-NOR Eliteserien 2012-13"]
[Site "Haraldsheim NOR"]
[Date "2013.04.06"]
[Round "8"]
[White "Thorstensen,T"]
[Black "Elseth,R"]
[Result "0-1"]
[WhiteElo "2241"]
[BlackElo "2334"]

1.d4 Nf6 2.c4 e6 3.Nc3 d5 4.Nf3 Be7 5.Bf4 O-O 6.e3 c5 7.dxc5 Qa5 8.Nd2 Qxc5
9.Nb3 Qb6 10.cxd5 Nxd5 11.Nxd5 exd5 12.Be5 Bb4+ 13.Bc3 Bxc3+ 14.bxc3 Be6
15.Be2 Nc6 16.O-O Rac8 17.Rb1 Qc7 18.Qd2 Ne7 19.Rfc1 Nf5 20.Nd4 Nd6 21.Nb5 Nxb5
22.Rxb5 Rfd8 23.h3 Rd6 24.Qb2 b6 25.Bf3 d4 26.exd4 Rxd4 27.cxd4 Qxc1+ 28.Qxc1 Rxc1+
29.Kh2 Bxa2 30.Rb2 Be6 31.d5 Bd7 32.Kg3 Kf8 33.Be4 h6 34.Kf4 Ke7 35.h4 Kd6
36.g4 Rc4 37.f3 Bc8 38.Ra2 a6 39.Ke3 b5 40.Kd3 Bb7 41.h5 Ra4 42.Rd2 a5 43.Rb2 Ra1
44.Rd2 Rc1  0-1

[Event "Bundesliga 2012-13"]
[Site "Schwetzingen GER"]
[Date "2013.04.06"]
[Round "14"]
[White "Berkes,F"]
[Black "Adams,Mi"]
[Result "1/2-1/2"]
[WhiteElo "2679"]
[BlackElo "2720"]

1.d4 Nf6 2.c4 e6 3.Nf3 d5 4.Nc3 Be7 5.Bf4 O-O 6.e3 Nbd7 7.c5 c6 8.h3 b6 9.b4 a5
10.a3 h6 11.Qc1 Bb7 12.Be2 Qc8 13.O-O Ba6 14.Re1 Qb7 15.Rb1 axb4 16.axb4 Rfc8
17.Nd2 Bxe2 18.Rxe2 Qa6 19.Qc2 Bd8 20.Ree1 Bc7 21.Bxc7 Rxc7 22.Rb2 bxc5 23.bxc5 Rca7
24.Ra2 Qc8 25.Rea1 Rxa2 26.Rxa2 e5 27.Rxa8 Qxa8 28.Qa4  1/2-1/2

[Event "15th Dubai Open 2013"]
[Site "Dubai UAE"]
[Date "2013.04.07"]
[Round "1.5"]
[White "Sargissian,G"]
[Black "Schmidt,Jad"]
[Result "1-0"]
[WhiteElo "2666"]
[BlackElo "2113"]

1.d4 d5 2.c4 e6 3.Nc3 Nf6 4.Nf3 Be7 5.Bf4 c6 6.e3 Nbd7 7.cxd5 exd5 8.h3 O-O
9.Bd3 Re8 10.Qc2 Nf8 11.Bh2 Bd6 12.Ne5 Bxe5 13.Bxe5 Ng6 14.Bh2 Nh4 15.O-O-O b5
16.Bg3 Ng6 17.Rhe1 Bd7 18.Kb1 Rc8 19.f3 c5 20.dxc5 b4 21.Ne2 Qa5 22.Rc1 Rxe3
23.Nd4 Rxe1 24.Bxe1 Ne5 25.Bf1 Nc6 26.Nxc6 Rxc6 27.a3 b3 28.Qxb3 Qc7 29.Bf2 Be6
30.Bd4 Qf4 31.Qe3 Bf5+ 32.Ka2 Qb8 33.Qe5  1-0

[Event "20th TCh-RUS 2013"]
[Site "Loo RUS"]
[Date "2013.04.07"]
[Round "1"]
[White "Moiseenko,A1"]
[Black "Predke,A"]
[Result "1-0"]
[WhiteElo "2703"]
[BlackElo "2481"]

1.d4 Nf6 2.c4 e6 3.Nf3 d5 4.Nc3 Be7 5.Bf4 O-O 6.a3 b6 7.Qc2 dxc4 8.e4 Ba6
9.Rd1 Qc8 10.h4 h6 11.Rh3 c5 12.e5 Nd5 13.Bc1 Nxc3 14.bxc3 cxd4 15.Rxd4 Nc6
16.Rg4 f5 17.Rg6 Rf7 18.Rhg3 Kh7 19.Qd2 f4 20.Qc2 Kh8 21.Bxf4 Rxf4 22.Rxg7 Rf5
23.Qe4 Qe8 24.Rg8+ Qxg8 25.Rxg8+ Rxg8 26.Qxc6 Bc8 27.Bxc4 Rff8 28.Bxe6 Rg6
29.Nd4 Bxh4 30.g3 Be7 31.Qc7  1-0

[Event "Open Golden Island Krk"]
[Site "Malinska CRO"]
[Date "2013.04.07"]
[Round "2.17"]
[White "Cvitan,Ena"]
[Black "Tica,Sven"]
[Result "1/2-1/2"]
[WhiteElo "1644"]
[BlackElo "1957"]

1.d4 e6 2.c4 d5 3.Nc3 Be7 4.Bf4 Nf6 5.Nf3 O-O 6.Rc1 c6 7.e3 Nbd7 8.Bd3 b6
9.h3 Bb7 10.O-O a6 11.cxd5 cxd5 12.Bb1 Re8 13.Qd3 Nf8 14.Ne5 b5 15.Ne2 Qb6
16.Rc2 Ne4 17.f3 Nd6 18.Nd7 Qd8 19.Nxf8 Bxf8 20.Rc7 g6 21.Rfc1 Rc8 22.Rxc8 Bxc8
23.b3 Qb6 24.Qc3 b4 25.Qc6 Qxc6 26.Rxc6 Nb5 27.Bd3 f6 28.Bxb5 axb5 29.Bg3 Bd7
30.Rc7 Rd8 31.Nc1 Kf7 32.Nd3 Ke8 33.Be1 Bd6 34.Rc2 Rc8 35.Rxc8+ Bxc8 36.Bxb4 Bc7
37.f4 e5 38.fxe5 Bf5 39.Nf4 fxe5 40.Nxd5 Bb8  1/2-1/2

[Event "20th TCh-RUS 2013"]
[Site "Loo RUS"]
[Date "2013.04.11"]
[Round "5"]
[White "Khismatullin,D"]
[Black "Matlakov,M"]
[Result "1/2-1/2"]
[WhiteElo "2640"]
[BlackElo "2653"]

1.d4 d5 2.c4 e6 3.Nf3 Nf6 4.Nc3 Be7 5.Bf4 O-O 6.e3 Nbd7 7.c5 Ne4 8.Qc2 f5
9.h3 c6 10.Be2 b6 11.cxb6 axb6 12.O-O Ba6 13.Rfc1 Nxc3 14.Bxa6 Rxa6 15.Qxc3 c5
16.a4 Qa8 17.b3 Rc8 18.Qb2 Qb7 19.Bg5 Bd6 20.Bf4 Be7 21.Bg5 Bd6 22.Bf4 Be7  1/2-1/2

[Event "20th TCh-RUS 2013"]
[Site "Loo RUS"]
[Date "2013.04.11"]
[Round "5"]
[White "Le Quang Liem"]
[Black "Andreikin,D"]
[Result "1/2-1/2"]
[WhiteElo "2717"]
[BlackElo "2727"]

1.Nf3 Nf6 2.c4 e6 3.Nc3 d5 4.d4 Be7 5.Bf4 O-O 6.a3 Nbd7 7.Nb5 Ne8 8.e3 c6
9.Nc3 Nef6 10.Rc1 a6 11.c5 Nh5 12.Bd3 Nxf4 13.exf4 b6 14.b4 a5 15.O-O axb4
16.axb4 bxc5 17.bxc5 Ba6 18.Ra1 Bxd3 19.Qxd3 Qc7 20.g3 g6 21.Kg2 Bf6 22.Qc2 Ra5
23.Rxa5 Qxa5 24.Ne2 Rb8 25.Rb1 Rb5 26.Nc1 Kg7 27.Rxb5 cxb5 28.Qa2 Qc3 29.Qa7 Qxc1
30.Qxd7 b4 31.Qb7 Qc3 32.c6 b3 33.c7 b2 34.h4 h5 35.c8=Q Qxc8 36.Qxb2 Qc4
37.Qd2 Qb3 38.Qe2 Qb1 39.Qe3 Qc2 40.Kg1 Qd1+ 41.Kg2 Qc2  1/2-1/2

[Event "TCh-CAT Div Hon 2013"]
[Site "Catalonia ESP"]
[Date "2013.04.13"]
[Round "11.7"]
[White "Gutierrez Clares,J"]
[Black "Bautista Sanchez,J"]
[Result "1-0"]
[WhiteElo "2255"]
[BlackElo "2205"]

1.d4 d5 2.c4 e6 3.Nf3 Nf6 4.Nc3 Be7 5.Bf4 O-O 6.e3 c6 7.c5 b6 8.b4 a5 9.a3 Ba6
10.Bxa6 Rxa6 11.O-O b5 12.Qb1 a4 13.h3 Ra7 14.Bxb8 Qxb8 15.Ne5 Qc8 16.f4 Nd7
17.Ra2 f5 18.Qd3 Nxe5 19.dxe5 Rd8 20.Ne2 Bf8 21.Nd4 g6 22.g4 Bg7 23.Rg2 Rf8
24.Rf3 Qe8 25.Rfg3 Rc7 26.h4 fxg4 27.Rxg4 Rff7 28.h5 gxh5 29.Rg5 h6 30.Rg6 Rfe7
31.Rxh6 Kf8 32.Qh7 Qf7 33.Rhg6 Ke8 34.Nxe6 Bf8 35.Qxh5  1-0

[Event "20th TCh-RUS 2013"]
[Site "Loo RUS"]
[Date "2013.04.13"]
[Round "7"]
[White "Vachier Lagrave,M"]
[Black "Jakovenko,D"]
[Result "1/2-1/2"]
[WhiteElo "2722"]
[BlackElo "2734"]

1.d4 Nf6 2.c4 e6 3.Nf3 d5 4.Nc3 Be7 5.Bf4 O-O 6.e3 Nbd7 7.Be2 dxc4 8.O-O a6
9.a4 c5 10.d5 exd5 11.Nxd5 Nxd5 12.Qxd5 Nf6 13.Qxc4 Be6 14.Qc2 Qb6 15.a5 Qb3
16.Qxb3 Bxb3 17.Nd2 Be6 18.e4 Rad8 19.Rfc1 Ne8 20.Be3 f5 21.exf5 Rxf5 22.Ne4 c4
23.Bg4 Re5 24.Bxe6+ Rxe6 25.Rxc4 Nd6 26.Nxd6 Rexd6 27.g4 Bf6 28.Raa4 Rd5
29.b3 R8d7 30.Rc5 Rxc5 31.Bxc5 h5 32.gxh5 Rd5 33.Rc4 Rxh5 34.b4 Kf7 35.Bb6 Be5
36.Bc7 Bf6 37.Bb6 Be5 38.f4 Rh4 39.Bc7 Bxc7 40.Rxc7+ Kf6 41.Rxb7 Rxf4 42.Kg2 g5
43.Rb6+ Kf5 44.Kg3 Rh4 45.h3 Rf4 46.Kg2 Ke5 47.Kh2 Kf5 48.Kg3 Ke5 49.Rxa6 Rxb4
50.Ra8 Ra4 51.a6 Kf6 52.Kf3 Kg7 53.Ke3 Ra3+ 54.Kd4 Rxh3 55.Kc5 Ra3 56.Kb6  1/2-1/2

[Event "ch-POL 2013"]
[Site "Chorzow POL"]
[Date "2013.04.15"]
[Round "3.9"]
[White "Jaracz,P"]
[Black "Grabarczyk,M"]
[Result "1/2-1/2"]
[WhiteElo "2548"]
[BlackElo "2452"]

1.d4 d5 2.c4 e6 3.Nc3 Be7 4.Nf3 Nf6 5.Bf4 O-O 6.a3 Ne4 7.Qc2 Nxc3 8.Qxc3 Bd6
9.Bg5 Be7 10.Bf4 Bd6 11.Bg5 Be7 12.Bf4 Bd6 13.Bg5  1/2-1/2

[Event "4th LUCOPEN 2013"]
[Site "Lille FRA"]
[Date "2013.04.16"]
[Round "5.1"]
[White "Manolache,M"]
[Black "Arizmendi Martinez,J"]
[Result "0-1"]
[WhiteElo "2501"]
[BlackElo "2572"]

1.d4 e6 2.Nf3 Nf6 3.c4 d5 4.Nc3 Be7 5.Bf4 O-O 6.e3 b6 7.a3 c5 8.Be2 Nc6 9.O-O cxd4
10.Nxd4 Nxd4 11.Qxd4 Ba6 12.Rfd1 Rc8 13.cxd5 Bxe2 14.Nxe2 Qxd5 15.Qa4 Qb7
16.Nc3 a6 17.Bd6 b5 18.Qf4 Rc4 19.Qf3 Qxf3 20.gxf3 Bxd6 21.Rxd6 Ra8 22.Rad1 Kf8
23.Rb6 Rc7 24.Rdd6 Rca7 25.f4 Ke7 26.Rbc6 Ne8 27.Rd2 Rd7 28.Rc2 Nd6 29.Kf1 h6
30.Ne2 g5 31.fxg5 hxg5 32.Nd4 g4 33.R6c5 Rg8 34.Kg2 Kf6 35.Rc6 Ra8 36.b3 Nf5
37.Nxf5 Kxf5 38.a4 bxa4 39.bxa4 a5 40.R2c4 e5 41.R6c5 Rb7 42.Rf4+ Ke6 43.Rxg4 Rb4
44.Kf3 Rxg4 45.Kxg4 Rg8+ 46.Kf3 Rh8 47.Rxa5 Rxh2 48.Ra6+ Kf5 49.Ra8 Ke6 50.a5 Rh4
51.Ra6+ Ke7 52.e4 Rh3+ 53.Kg4 Rh2 54.f3 f6 55.Ra7+ Ke6 56.a6 Rg2+ 57.Kh4 Rh2+
58.Kg3 Ra2 59.Kh3 Ra1 60.Kg4 Rg1+ 61.Kh5 Ra1 62.Kg6 Rg1+ 63.Kh6 f5 64.Rg7 Rh1+
65.Kg6 fxe4 66.fxe4 Ra1 67.a7 Ra2 68.Rb7 Kd6 69.Kf7 Ra5 70.Re7 Ra1 71.Re6+ Kd7
72.Re8 Rf1+ 73.Kg6  0-1

[Event "4th LUCOPEN 2013"]
[Site "Lille FRA"]
[Date "2013.04.17"]
[Round "6.1"]
[White "Manolache,M"]
[Black "Vaibhav,S"]
[Result "0-1"]
[WhiteElo "2501"]
[BlackElo "2513"]

1.d4 Nf6 2.c4 e6 3.Nf3 d5 4.Nc3 Be7 5.Bf4 O-O 6.e3 Nbd7 7.a3 c5 8.Nb5 Qa5+
9.Qd2 Qxd2+ 10.Nxd2 a6 11.Nc3 cxd4 12.exd4 dxc4 13.Nxc4 b5 14.Bd6 Bxd6 15.Nxd6 Rd8
16.a4 b4 17.Na2 Nb6 18.Nxc8 Rdxc8 19.Nxb4 a5 20.Nd3 Rc4 21.b3 Rxd4 22.Be2 Nbd5
23.Rc1 Ne4 24.Ne5 Nf4 25.g3 Nxe2 26.Kxe2 Nxg3+ 27.hxg3 Re4+ 28.Kf3 Rxe5 29.Rhd1 h5
30.Rc4 Rb8 31.Rb1 g6 32.b4 axb4 33.Rcxb4 Rxb4 34.Rxb4 Ra5 35.Ke3 Kf8 36.Kd3 Ke7
37.Kc3 Kd6 38.Rb6+ Kc7 39.Rb4 Kc6 40.Kb3 Rf5 41.f4 e5 42.Rc4+ Kb6 43.fxe5 Rxe5
44.g4 hxg4 45.Rxg4 Ka5 46.Kc3 g5 47.Kd4 f6 48.Kd3 Re1 49.Rc4 Kb6 50.Rc8 Rf1
51.Ke3 g4 52.Rb8+ Ka5 53.Ra8+ Kb4 54.a5 f5 55.Ke2 Rf3 56.Ra7 Kb5 57.Ra8 Rf4
58.Ke3 Re4+ 59.Kf2 Ra4 60.a6 Kb6 61.Rf8 Rf4+ 62.Kg2 Kxa6 63.Rb8 Ka5 64.Kg3 Rf3+
65.Kg2 Ka4 66.Rb7 Rb3 67.Rf7 Rf3 68.Rb7 f4 69.Rg7 Rg3+ 70.Kf2 Kb5 71.Rg8 Kc5
72.Rg6 Kd5 73.Rg8 Ke6 74.Rg5 Kf6 75.Rg8 Rf3+ 76.Kg2 Kf5 77.Rf8+ Ke4 78.Rg8 Rg3+
79.Kf2 Kd3 80.Rd8+ Kc2 81.Rg8 Kd2 82.Rg7 Rf3+ 83.Kg2 Rd3 84.Rxg4 Ke3 85.Rg8 f3+
86.Kg3 Ke2 87.Rf8 Re3 88.Kh2 f2  0-1

[Event "ch-POL 2013"]
[Site "Chorzow POL"]
[Date "2013.04.18"]
[Round "6.1"]
[White "Gajewski,G"]
[Black "Swiercz,D"]
[Result "1/2-1/2"]
[WhiteElo "2653"]
[BlackElo "2622"]

1.Nf3 d5 2.d4 Nf6 3.c4 e6 4.Nc3 Be7 5.Bf4 O-O 6.e3 Nbd7 7.c5 Ne4 8.Bd3 f5
9.h3 c6 10.O-O b6 11.cxb6 axb6 12.a4 Ba6 13.Rc1 Nxc3 14.Rxc3 c5 15.b3 Qc8
16.Ne5 Bf6 17.Nxd7 Qxd7 18.Bxa6 Rxa6 19.Qd3 Ra5 20.Rfc1 Be7 21.Be5 Rc8 22.b4 Rxa4
23.bxc5 bxc5 24.dxc5 Qc6 25.Rb1 Bd8 26.Qd1 Re4 27.Bd6 Bc7 28.Bxc7 Qxc7 29.Qc2 f4
30.exf4 Qxf4 31.g3 Qe5 32.Qd3 Rf8 33.Rc2 Qf5 34.Kg2 Rc4 35.Qxf5 Rxf5 36.Rbc1 Rxc2
37.Rxc2 Rf8 38.f4 Kf7 39.Kf3 Ke7 40.Rb2 Rc8 41.Rb5 Ra8 42.Rb7+ Kf6 43.Rc7 Ra3+
44.Kf2 Rc3 45.c6 h6 46.Rc8 Kf5 47.c7 Ke4 48.Re8 Rc2+ 49.Ke1 Rxc7 50.Rxe6+ Kd3
51.f5 d4 52.f6 gxf6 53.Rxf6 h5  1/2-1/2